000
00207nam a22000857a 4500
008
170329b xxu||||| |||| 00| 0 eng d
100
_9
3066
_a
CCE CBSE
245
_a
Question Bank-X
260
_a
New Delhi
_b
CBSE
_c
2010
999
_c
6341
_d
6341